<?xml version="1.0" encoding="UTF-8"?>
<collection xmlns="http://www.loc.gov/MARC21/slim">
 <record>
  <leader>01496aam a22003378a 4500</leader>
  <controlfield tag="001">000018263</controlfield>
  <controlfield tag="003">14690</controlfield>
  <controlfield tag="005">20131002091033.0</controlfield>
  <controlfield tag="008">131002s2012                        viesd</controlfield>
  <datafield tag="020" ind1=" " ind2=" ">
   <subfield code="a">2000000</subfield>
  </datafield>
  <datafield tag="041" ind1="0" ind2=" ">
   <subfield code="a">vie</subfield>
  </datafield>
  <datafield tag="082" ind1="1" ind2="4">
   <subfield code="2">14</subfield>
   <subfield code="a">915.97</subfield>
  </datafield>
  <datafield tag="245" ind1="0" ind2="0">
   <subfield code="a">Tổng tập dư địa chí Việt Nam</subfield>
   <subfield code="c">B.s.: Bùi Văn Vượng (ch.b.), Lê Thanh Bình, Hoàng Lê Hà...</subfield>
  </datafield>
  <datafield tag="260" ind1=" " ind2=" ">
   <subfield code="a">H.</subfield>
   <subfield code="b">Thanh niên</subfield>
   <subfield code="c">2012</subfield>
  </datafield>
  <datafield tag="300" ind1=" " ind2=" ">
   <subfield code="c">27cm</subfield>
  </datafield>
  <datafield tag="774" ind1=" " ind2=" ">
   <subfield code="d">Thanh niên</subfield>
   <subfield code="d">2011</subfield>
   <subfield code="d">H.</subfield>
   <subfield code="g">T.2</subfield>
   <subfield code="h">1568tr.</subfield>
   <subfield code="t">Dư địa chí toàn quốc (Quốc chí)</subfield>
   <subfield code="w">483555</subfield>
  </datafield>
  <datafield tag="774" ind1=" " ind2=" ">
   <subfield code="d">H.</subfield>
   <subfield code="d">Thanh niên</subfield>
   <subfield code="d">2011</subfield>
   <subfield code="g">T.1</subfield>
   <subfield code="h">1248tr.</subfield>
   <subfield code="t">Dư địa chí toàn quốc (Quốc chí)</subfield>
   <subfield code="w">483554</subfield>
  </datafield>
  <datafield tag="774" ind1=" " ind2=" ">
   <subfield code="d">H.</subfield>
   <subfield code="d">Thanh niên</subfield>
   <subfield code="d">2011</subfield>
   <subfield code="g">T.3</subfield>
   <subfield code="h">1344tr.</subfield>
   <subfield code="t">Dư địa chí địa phương (Phương chí)</subfield>
   <subfield code="w">483557</subfield>
  </datafield>
  <datafield tag="774" ind1=" " ind2=" ">
   <subfield code="d">H.</subfield>
   <subfield code="d">Thanh niên</subfield>
   <subfield code="d">2011</subfield>
   <subfield code="g">T.4</subfield>
   <subfield code="h">1196tr.</subfield>
   <subfield code="t">Dư địa chí địa phương (Phương chí)</subfield>
   <subfield code="w">483559</subfield>
  </datafield>
  <datafield tag="774" ind1=" " ind2=" ">
   <subfield code="d">H.</subfield>
   <subfield code="d">Thanh niên</subfield>
   <subfield code="d">2012</subfield>
   <subfield code="g">T.2</subfield>
   <subfield code="h">1568 tr.</subfield>
   <subfield code="t">Dư địa chí toàn quốc (Quốc chí)</subfield>
   <subfield code="w">14692</subfield>
  </datafield>
  <datafield tag="774" ind1=" " ind2=" ">
   <subfield code="d">H.</subfield>
   <subfield code="d">Thanh niên</subfield>
   <subfield code="d">2012</subfield>
   <subfield code="g">T.1</subfield>
   <subfield code="h">1248 tr.</subfield>
   <subfield code="t">Dư địa chí toàn quốc (Quốc chí)</subfield>
   <subfield code="w">14691</subfield>
  </datafield>
  <datafield tag="774" ind1=" " ind2=" ">
   <subfield code="d">H.</subfield>
   <subfield code="d">Thanh niên</subfield>
   <subfield code="d">2012</subfield>
   <subfield code="g">T.3</subfield>
   <subfield code="h">1344 tr.</subfield>
   <subfield code="t">Dư địa chí địa phương (Phương chí)</subfield>
   <subfield code="w">14693</subfield>
  </datafield>
  <datafield tag="774" ind1=" " ind2=" ">
   <subfield code="d">H.</subfield>
   <subfield code="d">Thanh niên</subfield>
   <subfield code="d">2012</subfield>
   <subfield code="g">T.4</subfield>
   <subfield code="h">1196 tr.</subfield>
   <subfield code="t">Dư địa chí địa phương (Phương chí)</subfield>
   <subfield code="w">14694</subfield>
  </datafield>
  <datafield tag="OWN" ind1=" " ind2=" ">
   <subfield code="a">LSP</subfield>
  </datafield>
  <datafield tag="999" ind1=" " ind2=" ">
   <subfield code="a">From the UDN01</subfield>
  </datafield>
  <datafield tag="TYP" ind1=" " ind2=" ">
   <subfield code="a">Monograph</subfield>
  </datafield>
  <datafield tag="TYP" ind1=" " ind2=" ">
   <subfield code="a">Printed language</subfield>
  </datafield>
  <datafield tag="980" ind1=" " ind2=" ">
   <subfield code="a">Mạng thư viện Đại học Đà Nẵng</subfield>
  </datafield>
 </record>
</collection>
